Z kim grała ta reprezentacja? Mistrzostwa Świata w Katarze 2022. (2) - Statystyki

Ogólne statystyki
  • Ten quiz został rozwiązany 329 razy
  • Średni wynik to 6 z 7
Statystyki odpowiedzi
Argentyna Przeciwnik % Poprawnych
Trzeci mecz fazy grupowej Polska
96%
Pierwszy mecz
fazy grupowej
Arabia Saudyjska
93%
Finał Francja
92%
Drugi mecz fazy grupowej Meksyk
92%
Półfinał Chorwacja
74%
Ćwierćfinał Holandia
71%
1/8 finału Australia
69%
Nie znaleziono quizów pasujących do podanych kryteriów
Rozkład punktacji
Procent ludzi z każdym wynikiem
Percentyl według liczby udzielonych odpowiedzi
Twoja historia wyników
Nie rozwiązałeś tego quizu